Somali piracy and terrorism in the Horn of Africa / (Record no. 14470)

000 -LEADER
fixed length control field 01186cam a2200349 a 4500
001 - CONTROL NUMBER
control field 17038578
005 - DATE AND TIME OF LATEST TRANSACTION
control field 20170105102856.0
008 - FIXED-LENGTH DATA ELEMENTS--GENERAL INFORMATION
fixed length control field 111107s2012 mduab b 000 0 eng c
010 ## - LIBRARY OF CONGRESS CONTROL NUMBER
LC control number 2011046199
020 ## - INTERNATIONAL STANDARD BOOK NUMBER
International Standard Book Number 9780810883109 (cloth : alk. paper)
020 ## - INTERNATIONAL STANDARD BOOK NUMBER
International Standard Book Number 9780810883116 (ebook)
040 ## - CATALOGING SOURCE
Original cataloging agency IEN/DLC
Transcribing agency IEN
Modifying agency DLC
042 ## - AUTHENTICATION CODE
Authentication code pcc
043 ## - GEOGRAPHIC AREA CODE
Geographic area code f-so---
050 00 - LIBRARY OF CONGRESS CALL NUMBER
Classification number HV6433.786.S58
Item number D46 2012
082 00 - DEWEY DECIMAL CLASSIFICATION NUMBER
Classification number 363.325
Edition number 23
100 1# - MAIN ENTRY--PERSONAL NAME
Personal name Daniels, Christopher L.,
Dates associated with a name 1982-
245 10 - TITLE STATEMENT
Title Somali piracy and terrorism in the Horn of Africa /
Statement of responsibility, etc. Christopher L. Daniels.
260 ## - PUBLICATION, DISTRIBUTION, ETC.
Place of publication, distribution, etc. Lanham, Md. :
Name of publisher, distributor, etc. Scarecrow Press,
Date of publication, distribution, etc. 2012.
300 ## - PHYSICAL DESCRIPTION
Extent xv, 237 p. :
Other physical details ill., map ;
Dimensions 24 cm.
490 1# - SERIES STATEMENT
Series statement Global flashpoints : a Scarecrow Press series
504 ## - BIBLIOGRAPHY, ETC. NOTE
Bibliography, etc. note Includes bibliographical references (p. 217-235).
650 #0 - SUBJECT ADDED ENTRY--TOPICAL TERM
Topical term or geographic name entry element Maritime terrorism
Geographic subdivision Somalia.
650 #0 - SUBJECT ADDED ENTRY--TOPICAL TERM
Topical term or geographic name entry element Piracy
Geographic subdivision Somalia.
650 #0 - SUBJECT ADDED ENTRY--TOPICAL TERM
Topical term or geographic name entry element Terrorism
Geographic subdivision Somalia.
650 #0 - SUBJECT ADDED ENTRY--TOPICAL TERM
Topical term or geographic name entry element Failed states
Geographic subdivision Somalia.
651 #0 - SUBJECT ADDED ENTRY--GEOGRAPHIC NAME
Geographic name Somalia
General subdivision Politics and government
Chronological subdivision 1991-
830 #0 - SERIES ADDED ENTRY--UNIFORM TITLE
Uniform title Global flashpoints.
906 ## - LOCAL DATA ELEMENT F, LDF (RLIN)
a 7
b cbc
c orignew
d 1
e ecip
f 20
g y-gencatlg
942 ## - ADDED ENTRY ELEMENTS (KOHA)
Source of classification or shelving scheme
Koha item type Book
Holdings
Withdrawn status Lost status Damaged status Not for loan Collection code Permanent Location Current Location Shelving location Date acquired Total Checkouts Full call number Barcode Date last seen Price effective from Koha item type
          Centre for International Peace & Stability (CIPS) Centre for International Peace & Stability (CIPS) General Stacks 09/02/2013   363.325 DAN 2012 CIPS0000788 09/02/2013 09/02/2013 Book
© 2023 Central Library, National University of Sciences and Technology. All Rights Reserved.